<?xml version="1.0" encoding="UTF-8"?><?xml-stylesheet type="text/xsl" href="static/style.xsl"?><OAI-PMH xmlns="http://www.openarchives.org/OAI/2.0/" xmlns:xsi="http://www.w3.org/2001/XMLSchema-instance" xsi:schemaLocation="http://www.openarchives.org/OAI/2.0/ http://www.openarchives.org/OAI/2.0/OAI-PMH.xsd"><responseDate>2026-06-06T02:06:36Z</responseDate><request verb="GetRecord" identifier="oai:riuma.uma.es:10630/36600" metadataPrefix="marc">https://riuma.uma.es/rest/oai/request</request><GetRecord><record><header><identifier>oai:riuma.uma.es:10630/36600</identifier><datestamp>2026-02-03T11:39:32Z</datestamp><setSpec>com_10630_2254</setSpec><setSpec>col_10630_37956</setSpec></header><metadata><record xmlns="http://www.loc.gov/MARC21/slim" xmlns:dcterms="http://purl.org/dc/terms/" xmlns:doc="http://www.lyncode.com/xoai" xmlns:xsi="http://www.w3.org/2001/XMLSchema-instance" xsi:schemaLocation="http://www.loc.gov/MARC21/slim http://www.loc.gov/standards/marcxml/schema/MARC21slim.xsd">
   <leader>00925njm 22002777a 4500</leader>
   <datafield ind2=" " ind1=" " tag="042">
      <subfield code="a">dc</subfield>
   </datafield>
   <datafield ind2=" " ind1=" " tag="720">
      <subfield code="a">Fernández-Díaz, Carmen Rocío</subfield>
      <subfield code="e">author</subfield>
   </datafield>
   <datafield ind2=" " ind1=" " tag="260">
      <subfield code="c">2019</subfield>
   </datafield>
   <datafield ind2=" " ind1=" " tag="520">
      <subfield code="a">La información se ha convertido en las últimas décadas en un bien de incalculable valor para las personas, tanto físicas como jurídicas. La gravedad de los ataques a la información viene dada por la multitud de bienes jurídicos a los que aquellos afectan. La intimidad, el patrimonio, la libertad sexual, la seguridad nacional, la propiedad intelectual e industrial, son solo algunos de los objetos de tutela cuya violación puede producirse a partir de un ataque a sistemas de información que contengan datos relacionados con estos bienes.&#xd;
En el presente trabajo se abordará, en primer lugar, cuáles han sido algunas de las medidas que desde la Unión Europea se han adoptado para luchar contra los ataques a la ciberseguridad. En segundo lugar, se estudiará la regulación de algunos de los aspectos penales más destacados, como son las conductas típicas, el tipo subjetivo de estas figuras delictivas y sus consecuencias penológicas. Y, en tercer lugar, se aportarán algunos datos relativos a este fenómeno delictivo para poner de manifiesto cuál es la situación actual en España respecto a la ciberdelincuencia y, en concreto, a los delitos informáticos.</subfield>
   </datafield>
   <datafield ind1="8" ind2=" " tag="024">
      <subfield code="a">"Capítulo 23. Los delitos informáticos en el mercado digital: apuntes penales y criminológicos", en la obra colectiva CASTAÑOS CASTRO, P. (Dir.): Presente y futuro del mercado digital de la UE. La Estrategia del Mercado Único Digital, sus propuestas normativas y sus antecedentes internacionales a examen, editorial REUS, Madrid, 2019, pp. 527-539. ISBN 978-84- 290-2116-5.</subfield>
   </datafield>
   <datafield ind1="8" ind2=" " tag="024">
      <subfield code="a">https://hdl.handle.net/10630/36600</subfield>
   </datafield>
   <datafield ind1="8" ind2=" " tag="024">
      <subfield code="a">10.30462/9788429021165</subfield>
   </datafield>
   <datafield tag="653" ind2=" " ind1=" ">
      <subfield code="a">Comercio electrónico - Derecho y legislación</subfield>
   </datafield>
   <datafield tag="653" ind2=" " ind1=" ">
      <subfield code="a">Delitos informáticos</subfield>
   </datafield>
   <datafield ind2="0" ind1="0" tag="245">
      <subfield code="a">Los delitos informáticos en el mercado digital: apuntes penales y criminológicos.</subfield>
   </datafield>
</record>
</metadata></record></GetRecord></OAI-PMH>